000 00596nam a2200217Ia 4500
003 OSt
005 20221006152025.0
006 a|||||r|||| 00| 0
007 ta
008 221006b |||||||| |||| 00| 0 chi d
024 _a24,249
037 _bGift,
_cTextual
040 _aEASL
_cEASL
_bchi
041 _2chi
_achi
100 _aBEIJING REBEN XIAS YAN JIB SHE Ed.
_9660588
245 0 _aRiben xue luan cong VII
260 _aBeijing
_bYan Jiuchu Ben She
_c1994
300 _a299p.
_ccm.
942 _cTEXL
_2CC
999 _c1092335
_d1092335